| 000 | 00727cam a2200217 a 4500 | ||
|---|---|---|---|
| 001 | 000018493 | ||
| 005 | 20200929165820.0 | ||
| 008 | 840302s1963 sp 000 j spa d | ||
| 040 |
_aDO-SdBNP _bspa _cDLC _dBNPHU |
||
| 082 |
_a863.5 _bC355p |
||
| 100 | 1 |
_aCastroviejo Blanco Cicerón, José María _d1909-1983 _940005 |
|
| 245 | 1 | 4 |
_aLos paisajes iluminados / _cJosé María Castroviejo y Blanco-Cicerón. |
| 260 |
_aBarcelona, España : _bEdiciones Destino, _c1963. |
||
| 300 |
_a213 p. ; _c19 cm. |
||
| 490 | 1 |
_aAncora y delfín _v243 |
|
| 650 | 4 |
_aCuentos españoles _93194 |
|
| 650 | 4 |
_aLiteratura española _9632 |
|
| 830 | 0 |
_aAncora y delfín ; _v243 _919431 |
|
| 910 | _aCatalogación por derivada / LC | ||
| 049 | _aBNGR | ||
| 999 |
_c18013 _d18013 |
||